| 000 | 00551nam a22001937a 4500 | ||
|---|---|---|---|
| 999 |
_c196013 _d196013 |
||
| 005 | 20230517113532.0 | ||
| 010 | _aUR-12013 | ||
| 020 | _c70.00 | ||
| 035 | _aU-10568 | ||
| 037 | _bDBAD/PUB | ||
| 082 | _a844 | ||
| 100 | _aرفیق ، اے ایس | ||
| 245 |
_aہمارا ماحول / _cرفیق ، اے ایس |
||
| 246 |
_aHamara mahaul / _bby Rafique A.S. |
||
| 260 |
_aKamptee _bIdeal Publication House _c2013 ء |
||
| 270 |
_aNaya Bazar _bKamptee _e441001 |
||
| 300 |
_a120 ص _c21cm(Hb) |
||
| 942 |
_2ddc _cUR _h844 _mر ف ی |
||